[Event "Wch Blitz"]
[Site "Moscow"]
[Date "2019.12.30"]
[Round "15"]
[White "Al Nhier, Hamoud"]
[Black "Tissir, Mohamed"]
[Result "0-1"]
[WhiteElo "1934"]
[BlackElo "2379"]
[PlyCount "69"]
[EventDate "2019.12.29"]
[EventType "swiss (blitz)"]
[EventRounds "21"]
[EventCountry "RUS"]
[SourceTitle "CBM 193 Extra"]
[Source "ChessBase"]
[SourceDate "2020.01.31"]
[SourceVersion "1"]
[SourceVersionDate "2020.01.31"]
[SourceQuality "1"]

1. c4 e6 2. g3 Nf6 3. Bg2 g6 4. Nc3 Bg7 5. d4 0-0 6. e4 c5 7. d5 exd5 8. exd5 d6 9. Nge2 Nbd7 10. b3 Ne5 11. f4 Neg4 12. h3 Nh6 13. 0-0 Re8 14. Bd2 a6 15. g4 Nhxg4 16. hxg4 Nxg4 17. Rf3 Qh4 18. Be1 Qh2+ 19. Kf1 Ne3+ 20. Rxe3 Rxe3 21. Bf2 Rxc3 22. Nxc3 Bxc3 23. Rc1 Bh3 24. Rxc3 Bxg2+ 25. Ke1 Qxf4 26. Re3 Be4 27. Qe2 f5 28. Bg3 Qg5 29. Bxd6 b5 30. Bxc5 bxc4 31. bxc4 Rb8 32. Rb3 Rxb3 33. axb3 Qg3+ 34. Kd2 Qxb3 35. Qe3 0-1

[Event "Wch Blitz"]
[Site "Moscow"]
[Date "2019.12.30"]
[Round "18"]
[White "Al Nhier, Hamoud"]
[Black "Zarubitski, Viachaslau"]
[Result "0-1"]
[WhiteElo "1934"]
[BlackElo "2451"]
[PlyCount "45"]
[EventDate "2019.12.29"]
[EventType "swiss (blitz)"]
[EventRounds "21"]
[EventCountry "RUS"]
[SourceTitle "CBM 193 Extra"]
[Source "ChessBase"]
[SourceDate "2020.01.31"]
[SourceVersion "1"]
[SourceVersionDate "2020.01.31"]
[SourceQuality "1"]

1. c4 Nf6 2. g3 c6 3. Bg2 d5 4. cxd5 cxd5 5. d4 Nc6 6. Nf3 Bf5 7. 0-0 e6 8. Nc3 Be7 9. Bf4 0-0 10. Rc1 Rc8 11. h3 h6 12. g4 Bh7 13. Ne5 Nxe5 14. Bxe5 Nd7 15. Bg3 Nb6 16. e4 dxe4 17. Nxe4 Rxc1 18. Qxc1 Qxd4 19. Rd1 Qa4 20. Nc3 Qa6 21. Qe3 Bf6 22. Be5 Nc4 23. Rd3 0-1

[Event "Wch Blitz"]
[Site "Moscow"]
[Date "2019.12.30"]
[Round "21"]
[White "Makarian, Rudik"]
[Black "Al Nhier, Hamoud"]
[Result "1-0"]
[WhiteElo "2397"]
[BlackElo "1934"]
[PlyCount "97"]
[EventDate "2019.12.29"]
[EventType "swiss (blitz)"]
[EventRounds "21"]
[EventCountry "RUS"]
[SourceTitle "CBM 193 Extra"]
[Source "ChessBase"]
[SourceDate "2020.01.31"]
[SourceVersion "1"]
[SourceVersionDate "2020.01.31"]
[SourceQuality "1"]

1. e4 Nc6 2. Nf3 e5 3. Bc4 Nf6 4. d3 Bc5 5. Nbd2 a6 6. c3 Ba7 7. 0-0 d6 8. h3 0-0 9. Re1 Re8 10. a4 b5 11. Ba2 Be6 12. Bxe6 Rxe6 13. Nf1 d5 14. exd5 Qxd5 15. Be3 Rd8 16. axb5 Qxb5 17. Bxa7 Nxa7 18. d4 e4 19. N3d2 Qxb2 20. Qb3 Rb8 21. Qxb2 Rxb2 22. f3 exf3 23. Rxe6 f2+ 24. Kxf2 fxe6 25. Rxa6 Nb5 26. Ke3 Nd5+ 27. Kd3 Nbxc3 28. Rxe6 Rb8 29. Re1 Nb5 30. g3 Nd6 31. Ne3 Nf6 32. g4 h6 33. Rc1 Rb7 34. Rc5 Ra7 35. Nec4 Kf7 36. Nf3 Nde4 37. Nfe5+ Kg8 38. Rc6 Rb7 39. Kc2 Ra7 40. Kb3 Rb7+ 41. Kc2 Ra7 42. Re6 Ra2+ 43. Kb3 Rh2 44. Re7 c5 45. Nd6 Rxh3+ 46. Kc4 Nxd6+ 47. Kxc5 Nde4+ 48. Kc6 Nxg4 49. Re8+ 1-0

[Event "Wch Rapid"]
[Site "Moscow"]
[Date "2019.12.28"]
[Round "14"]
[White "Al Nhier, Hamoud"]
[Black "Guimaraes, Diogo Duarte"]
[Result "1-0"]
[WhiteElo "1934"]
[BlackElo "2322"]
[PlyCount "105"]
[EventDate "2019.12.26"]
[EventType "swiss (rapid)"]
[EventRounds "15"]
[EventCountry "RUS"]
[SourceTitle "CBM 193 Extra"]
[Source "ChessBase"]
[SourceDate "2020.01.31"]
[SourceVersion "1"]
[SourceVersionDate "2020.01.31"]
[SourceQuality "1"]

1. c4 Nf6 2. g3 c6 3. Bg2 d5 4. cxd5 cxd5 5. d4 h5 6. Nf3 Nc6 7. 0-0 Ne4 8. Nc3 Nxc3 9. bxc3 e6 10. Qd3 Bd7 11. e4 dxe4 12. Qxe4 Be7 13. h4 Qa5 14. Bd2 Rc8 15. Rfe1 0-0 16. Ne5 Nxe5 17. Qxe5 Qxe5 18. Rxe5 Bc6 19. Rxh5 f5 20. Re1 Be8 21. Rxe6 Rc7 22. Bf4 Rd7 23. Rxe7 Rxe7 24. Rg5 g6 25. Bd5+ Kh7 26. Be5 Bf7 27. Bb3 Rc8 28. h5 Bxb3 29. axb3 gxh5 30. c4 Rf7 31. Rxh5+ Kg6 32. Rh1 Rh7 33. Rxh7 Kxh7 34. Kg2 Kg6 35. Kf3 Rc6 36. c5 Ra6 37. Kf4 Ra3 38. Bb8 a6 39. Ke5 Rxb3 40. Ke6 a5 41. d5 a4 42. d6 a3 43. d7 a2 44. Be5 Rd3 45. Ke7 Rd5 46. Bb2 Rd2 47. Ba1 Re2+ 48. Kd6 Rd2+ 49. Kc7 Kf7 50. d8Q Rxd8 51. Kxd8 Ke6 52. Kc7 Kd5 53. Kb6 1-0

[Event "Wch Rapid"]
[Site "Moscow"]
[Date "2019.12.27"]
[Round "10"]
[White "Al Nhier, Hamoud"]
[Black "Mikhailovsky, Vladimir"]
[Result "0-1"]
[WhiteElo "1934"]
[BlackElo "2209"]
[PlyCount "80"]
[EventDate "2019.12.26"]
[EventType "swiss (rapid)"]
[EventRounds "15"]
[EventCountry "RUS"]
[SourceTitle "CBM 193 Extra"]
[Source "ChessBase"]
[SourceDate "2020.01.31"]
[SourceVersion "1"]
[SourceVersionDate "2020.01.31"]
[SourceQuality "1"]

1. c4 e5 2. g3 g6 3. h4 Bg7 4. h5 Nc6 5. Nc3 d6 6. d3 gxh5 7. Rxh5 Nf6 8. Rh1 Bg4 9. Bh6 Bxh6 10. Rxh6 Nd4 11. Bg2 c6 12. Qd2 Qe7 13. Rh1 h5 14. e3 Ne6 15. Nge2 Ng5 16. 0-0-0 Nf3 17. Qc2 a6 18. d4 e4 19. Nf4 b5 20. Bh3 Bxh3 21. Rxh3 bxc4 22. d5 c5 23. Qa4+ Qd7 24. Qxc4 Ne5 25. Qa4 Qxa4 26. Nxa4 Ke7 27. Nc3 Rab8 28. Rdh1 c4 29. Rh4 Rb4 30. Nd1 Nd3+ 31. Nxd3 cxd3 32. f3 Rc8+ 33. Kb1 d2 34. Nf2 Rbc4 35. a3 Rc1+ 36. Ka2 Rxh1 37. Rxh1 Rc1 38. Rd1 Rxd1 39. Nxd1 exf3 40. Kb3 Ne4 0-1

[Event "Wch Rapid"]
[Site "Moscow"]
[Date "2019.12.26"]
[Round "1"]
[White "Al Nhier, Hamoud"]
[Black "Bosiocic, Marin"]
[Result "1-0"]
[WhiteElo "1934"]
[BlackElo "2623"]
[PlyCount "93"]
[EventDate "2019.12.26"]
[EventType "swiss (rapid)"]
[EventRounds "15"]
[EventCountry "RUS"]
[SourceTitle "CBM 193 Extra"]
[Source "ChessBase"]
[SourceDate "2020.01.31"]
[SourceVersion "1"]
[SourceVersionDate "2020.01.31"]
[SourceQuality "1"]

1. Nf3 d5 2. e3 Nf6 3. c4 e6 4. b3 Be7 5. Bb2 0-0 6. g3 c5 7. Bg2 Nc6 8. 0-0 d4 9. exd4 cxd4 10. Re1 Re8 11. Ne5 Nxe5 12. Rxe5 Nd7 13. Re2 e5 14. d3 f6 15. Ba3 a5 16. Bxe7 Qxe7 17. Nd2 Nc5 18. Ne4 Bg4 19. Nxc5 Bxe2 20. Qxe2 Qxc5 21. Bxb7 Rab8 22. Bd5+ Kh8 23. h4 f5 24. Re1 Qd6 25. Kg2 Re7 26. Qd2 Qc5 27. Qg5 Rf8 28. f3 Rf6 29. Re2 Qd6 30. h5 h6 31. Qd2 Qc7 32. a3 g5 33. b4 axb4 34. axb4 g4 35. fxg4 Rg7 36. Qe1 Rxg4 37. Rxe5 Rf8 38. Re6 Qg7 39. Re7 Qg5 40. Qe5+ Qf6 41. Qxf6+ Rxf6 42. Kf3 Rg5 43. b5 Rxh5 44. Kf4 Rh2 45. c5 Rb2 46. b6 Rg6 47. b7 1-0

[Event "Wch Rapid"]
[Site "Moscow"]
[Date "2019.12.26"]
[Round "4"]
[White "Al Nhier, Hamoud"]
[Black "Makoveev, Ilya"]
[Result "1/2-1/2"]
[WhiteElo "1934"]
[BlackElo "2277"]
[PlyCount "33"]
[EventDate "2019.12.26"]
[EventType "swiss (rapid)"]
[EventRounds "15"]
[EventCountry "RUS"]
[SourceTitle "CBM 193 Extra"]
[Source "ChessBase"]
[SourceDate "2020.01.31"]
[SourceVersion "1"]
[SourceVersionDate "2020.01.31"]
[SourceQuality "1"]

1. c4 Nf6 2. g3 e5 3. Bg2 d5 4. cxd5 Nxd5 5. Nc3 Nb6 6. Nf3 Nc6 7. b3 Be7 8. Bb2 0-0 9. 0-0 Be6 10. d4 exd4 11. Nb5 Bf6 12. Nbxd4 Nxd4 13. Bxd4 Bd5 14. Bxf6 Qxf6 15. Qd4 Qxd4 16. Nxd4 Rad8 17. e3 1/2-1/2

[Event "Wch Rapid"]
[Site "Moscow"]
[Date "2019.12.26"]
[Round "5"]
[White "Krsnik Cohar, Ivan Vihor"]
[Black "Al Nhier, Hamoud"]
[Result "1-0"]
[WhiteElo "2313"]
[BlackElo "1934"]
[PlyCount "101"]
[EventDate "2019.12.26"]
[EventType "swiss (rapid)"]
[EventRounds "15"]
[EventCountry "RUS"]
[SourceTitle "CBM 193 Extra"]
[Source "ChessBase"]
[SourceDate "2020.01.31"]
[SourceVersion "1"]
[SourceVersionDate "2020.01.31"]
[SourceQuality "1"]

1. d4 Nf6 2. Bg5 c5 3. e3 cxd4 4. exd4 d5 5. c3 Ne4 6. Bf4 e6 7. Nd2 Bd6 8. Bxd6 Nxd6 9. Bd3 Nc6 10. Ngf3 0-0 11. 0-0 Ne8 12. Qe2 Nf6 13. Rae1 Ne7 14. Ne5 Ng6 15. f4 a6 16. Qf2 b5 17. Nb3 Ne4 18. Bxe4 dxe4 19. Rxe4 Bb7 20. Re3 Bd5 21. Nc5 a5 22. a3 b4 23. axb4 axb4 24. cxb4 Qh4 25. Nxg6 Qxf2+ 26. Kxf2 hxg6 27. Ra3 Rfd8 28. Ke3 Rab8 29. Na6 Rb6 30. Rc1 Bxg2 31. Ra4 Ra8 32. Rca1 Bb7 33. Nc5 Rxa4 34. Rxa4 Bd5 35. Kd2 Kh7 36. Kc3 g5 37. fxg5 Kg6 38. Ra7 f6 39. h4 Rb8 40. gxf6 gxf6 41. Re7 Rb6 42. Nd7 Rc6+ 43. Kd3 Rc4 44. h5+ Kg5 45. Rg7+ Kxh5 46. Nxf6+ Kh6 47. Nxd5 exd5 48. Rb7 Kg6 49. b3 Rc1 50. Rd7 Rd1+ 51. Kc3 1-0

[Event "Arab-ch Elite 3rd"]
[Site "Dubai"]
[Date "2015.05.27"]
[Round "1"]
[White "Al Nhier, Hamoud"]
[Black "Khader, Sami"]
[Result "0-1"]
[WhiteElo "2009"]
[BlackElo "2376"]
[PlyCount "50"]
[EventDate "2015.05.27"]
[EventType "swiss"]
[EventRounds "9"]
[EventCountry "UAE"]
[SourceTitle "CBM 166 Extra"]
[Source "ChessBase"]
[SourceDate "2015.06.18"]
[SourceVersion "1"]
[SourceVersionDate "2015.06.18"]
[SourceQuality "1"]

1. e3 Nf6 2. b3 e5 3. Bb2 Nc6 4. Nf3 e4 5. Ne5 Nxe5 6. Bxe5 d5 7. Bd4 Bd6 8. c4 0-0 9. Nc3 c6 10. cxd5 cxd5 11. f4 exf3 12. Qxf3 Ng4 13. Bd3 Qh4+ 14. g3 Nxh2 15. Qxd5 Bxg3+ 16. Kd1 Rd8 17. Qe4 Qxe4 18. Nxe4 Bb8 19. Kc2 h5 20. Rxh2 Bxh2 21. Rh1 Bd6 22. Rxh5 Be7 23. Ng5 Bg4 24. Rh4 Rac8+ 25. Kb1 f5 0-1